[Event "MCR muzu 2023"]
[Site "?"]
[Date "2023.05.14"]
[Round "6.1"]
[White "Plat, Vojtech"]
[Black "Finek, Vaclav"]
[Result "0-1"]
[BlackElo "2410"]
[WhiteElo "2535"]
[LiveChessVersion "1.4.8"]

1. d4 {[%clk 1:30:57]} d5 {[%clk 1:30:56]} 2. c4 {[%clk 1:31:17]} c6
{[%clk 1:31:22]} 3. Nc3 {[%clk 1:31:42]} Nf6 {[%clk 1:31:48]} 4. cxd5
{[%clk 1:32:04]} cxd5 {[%clk 1:32:14]} 5. Bg5 {[%clk 1:32:23]} Ne4
{[%clk 1:32:32]} 6. Nxe4 {[%clk 1:32:45]} dxe4 {[%clk 1:32:57]} 7. a3
{[%clk 1:33:06]} g6 {[%clk 1:10:27]} 8. Bd2 {[%clk 1:31:43]} Bg7 {[%clk 1:09:06]}
9. Bc3 {[%clk 1:31:56]} O-O {[%clk 1:08:37]} 10. e3 {[%clk 1:32:21]} Be6
{[%clk 1:07:05]} 11. h4 {[%clk 1:31:54]} Nd7 {[%clk 0:52:28]} 12. Nh3
{[%clk 1:31:58]} Qb6 {[%clk 0:49:55]} 13. a4 {[%clk 1:27:37]} Nf6
{[%clk 0:47:45]} 14. Nf4 {[%clk 1:27:41]} Nd5 {[%clk 0:46:09]} 15. Nxe6
{[%clk 1:25:51]} Qxe6 {[%clk 0:45:43]} 16. Qb3 {[%clk 1:24:49]} Rac8
{[%clk 0:40:22]} 17. Bc4 {[%clk 1:22:32]} Rfd8 {[%clk 0:40:44]} 18. Ba5
{[%clk 1:21:11]} b6 {[%clk 0:39:37]} 19. Bd2 {[%clk 1:21:31]} Qd6
{[%clk 0:34:06]} 20. Rc1 {[%clk 1:21:25]} e6 {[%clk 0:33:51]} 21. h5
{[%clk 1:19:17]} Rc7 {[%clk 0:31:31]} 22. hxg6 {[%clk 1:19:31]} hxg6
{[%clk 0:31:42]} 23. Ke2 {[%clk 1:16:42]} Rdc8 {[%clk 0:30:37]} 24. g3
{[%clk 1:10:40]} Rc6 {[%clk 0:29:05]} 25. Qb5 {[%clk 0:59:31]} Bf6
{[%clk 0:23:16]} 26. Ba2 {[%clk 0:56:05]} Rxc1 {[%clk 0:20:37]} 27. Rxc1
{[%clk 0:56:33]} Rxc1 {[%clk 0:20:48]} 28. Bxc1 {[%clk 0:57:02]} Be7
{[%clk 0:18:24]} 29. Bd2 {[%clk 0:57:03]} Kg7 {[%clk 0:16:15]} 30. Bb1
{[%clk 0:55:00]} f5 {[%clk 0:14:53]} 31. Ba2 {[%clk 0:54:45]} a5 {[%clk 0:08:57]}
32. Bc4 {[%clk 0:53:39]} Kf7 {[%clk 0:08:06]} 33. Qa6 {[%clk 0:53:21]} Qb8
{[%clk 0:06:36]} 34. Qb5 {[%clk 0:52:47]} Qd6 {[%clk 0:06:43]} 35. Kd1
{[%clk 0:52:53]} Bf8 {[%clk 0:04:41]} 36. Bb3 {[%clk 0:52:46]} Be7
{[%clk 0:04:42]} 37. Qe2 {[%clk 0:52:20]} Nf6 {[%clk 0:04:09]} 38. Qa6
{[%clk 0:52:32]} Nd5 {[%clk 0:02:03]} 39. Qb7 {[%clk 0:52:21]} Kf6
{[%clk 0:01:02]} 40. Bc4 {[%clk 0:51:27]} Qd8 {[%clk 0:00:44]} 41. Qc6
{[%clk 0:44:51]} Qd6 {[%clk 0:26:31]} 42. Qe8 {[%clk 1:15:05]} Qd8
{[%clk 0:25:36]} 43. Qb5 {[%clk 1:15:30]} Qd6 {[%clk 0:24:56]} 44. Be2
{[%clk 1:15:54]} Kf7 {[%clk 0:24:15]} 45. Qb3 {[%clk 1:11:28]} Nf6
{[%clk 0:23:45]} 46. Qc2 {[%clk 1:11:05]} Qd7 {[%clk 0:22:28]} 47. Qb3
{[%clk 1:08:33]} Qc6 {[%clk 0:21:41]} 48. Bb5 {[%clk 1:08:16]} Qc7
{[%clk 0:20:33]} 49. Ke2 {[%clk 1:07:59]} Qc8 {[%clk 0:20:14]} 50. Bc4
{[%clk 1:06:49]} Qc6 {[%clk 0:20:22]} 51. Kf1 {[%clk 1:06:55]} Nd5
{[%clk 0:19:58]} 52. Kg2 {[%clk 1:07:10]} Nf6 {[%clk 0:19:47]} 53. Bb5
{[%clk 1:06:06]} Qc7 {[%clk 0:19:07]} 54. Be2 {[%clk 1:06:25]} Qc6
{[%clk 0:18:27]} 55. Qd1 {[%clk 1:06:42]} Nd5 {[%clk 0:16:53]} 56. b3
{[%clk 1:05:58]} Bd6 {[%clk 0:13:46]} 57. Bc4 {[%clk 1:06:12]} Nf6
{[%clk 0:11:43]} 58. Qh1 {[%clk 1:06:05]} Qc8 {[%clk 0:11:40]} 59. Bc3
{[%clk 1:06:02]} Be7 {[%clk 0:09:21]} 60. Bb2 {[%clk 1:05:05]} Qd8
{[%clk 0:07:10]} 61. g4 {[%clk 1:03:21]} fxg4 {[%clk 0:05:34]} 62. Qh6
{[%clk 1:03:38]} Qf8 {[%clk 0:04:28]} 63. Qg5 {[%clk 1:03:42]} Qd8
{[%clk 0:01:51]} 64. Kf1 {[%clk 0:59:21]} Qd7 {[%clk 0:01:31]} 65. Kg2
{[%clk 0:58:05]} Qd8 {[%clk 0:01:40]} 66. Qh4 {[%clk 0:58:00]} Qd7
{[%clk 0:01:04]} 67. Kf1 {[%clk 0:58:11]} Qd8 {[%clk 0:01:10]} 68. Ke2
{[%clk 0:58:26]} Qd6 {[%clk 0:00:53]} 69. Qg5 {[%clk 0:58:02]} Qh2
{[%clk 0:00:33]} 70. d5 {[%clk 0:54:58]} Nxd5 {[%clk 0:00:51]} 71. Qxg4
{[%clk 0:55:24]} Qh5 {[%clk 0:01:08]} 72. Qxh5 {[%clk 0:55:46]} gxh5
{[%clk 0:01:36]} 73. Be5 {[%clk 0:56:03]} Bd8 {[%clk 0:01:08]} 74. Kf1
{[%clk 0:56:27]} Kg6 {[%clk 0:01:16]} 75. Be2 {[%clk 0:55:06]} Bf6
{[%clk 0:00:55]} 76. Bb8 {[%clk 0:55:31]} Bd8 {[%clk 0:00:55]} 77. Be5
{[%clk 0:54:41]} Bf6 {[%clk 0:00:42]} 78. Bh2 {[%clk 0:55:06]} Bd8
{[%clk 0:00:49]} 79. Bd1 {[%clk 0:55:30]} Bc7 {[%clk 0:00:35]} 80. Bg1
{[%clk 0:55:57]} Nc3 {[%clk 0:00:35]} 81. Bc2 {[%clk 0:56:20]} Kg5
{[%clk 0:00:48]} 82. f3 {[%clk 0:56:07]} exf3 {[%clk 0:00:51]} 83. e4
{[%clk 0:56:31]} h4 {[%clk 0:00:40]} 84. e5 {[%clk 0:56:25]} Kg4 {[%clk 0:00:38]}
85. Bh2 {[%clk 0:56:34]} Ne2 {[%clk 0:00:55]} 86. Kf2 {[%clk 0:56:19]} Kh3
{[%clk 0:00:46]} 87. Bf5+ {[%clk 0:56:08]} Kxh2 {[%clk 0:00:57]} 88. Bxe6
{[%clk 0:56:34]} Nd4 {[%clk 0:01:18]} 0-1

[Event "MCR muzu 2023"]
[Site "?"]
[Date "2023.05.14"]
[Round "6.2"]
[White "Simacek, Pavel"]
[Black "Zwardon, Vojtech"]
[Result "1/2-1/2"]
[BlackElo "2494"]
[WhiteElo "2466"]
[LiveChessVersion "1.4.8"]

1. d4 {[%clk 1:30:52]} Nf6 {[%clk 1:23:42]} 2. c4 {[%clk 1:30:55]} e6
{[%clk 1:24:05]} 3. Nc3 {[%clk 1:31:11]} Bb4 {[%clk 1:24:33]} 4. Qc2
{[%clk 1:31:04]} d5 {[%clk 1:24:59]} 5. a3 {[%clk 1:31:26]} Bxc3+
{[%clk 1:25:26]} 6. Qxc3 {[%clk 1:31:51]} O-O {[%clk 1:25:54]} 7. Bg5
{[%clk 1:31:50]} dxc4 {[%clk 1:26:20]} 8. Qxc4 {[%clk 1:32:00]} b6
{[%clk 1:26:47]} 9. Rd1 {[%clk 1:31:40]} Ba6 {[%clk 1:26:33]} 10. Qa4
{[%clk 1:31:53]} h6 {[%clk 1:26:54]} 11. Bh4 {[%clk 1:31:55]} Qe8
{[%clk 1:25:08]} 12. Qxe8 Rxe8 {[%clk 1:25:33]} 13. Bxf6 {[%clk 1:31:36]} gxf6
{[%clk 1:26:00]} 14. Nf3 {[%clk 1:31:56]} Nd7 {[%clk 1:25:41]} 15. e3
{[%clk 1:32:09]} Bxf1 {[%clk 1:26:00]} 16. Rxf1 {[%clk 1:32:30]} c5
{[%clk 1:26:14]} 17. Rc1 {[%clk 1:20:19]} Rac8 {[%clk 1:26:35]} 18. Ke2
{[%clk 1:20:26]} Kf8 {[%clk 1:26:35]} 19. Rfd1 {[%clk 1:20:17]} Ke7
{[%clk 1:26:33]} 20. dxc5 {[%clk 1:18:29]} bxc5 {[%clk 1:26:22]} 21. Rc4
{[%clk 1:14:00]} Nb6 {[%clk 1:25:44]} 22. Rh4 {[%clk 1:13:58]} Rh8
{[%clk 1:23:31]} 23. Nd2 {[%clk 1:11:37]} f5 {[%clk 1:21:00]} 24. Rc1
{[%clk 1:11:20]} Kf6 {[%clk 1:21:07]} 25. e4 {[%clk 1:05:11]} Kg6
{[%clk 1:19:38]} 26. Rc3 {[%clk 1:02:21]} Kg5 {[%clk 1:19:06]} 27. Rch3
{[%clk 0:52:29]} Rb8 {[%clk 1:17:44]} 28. e5 {[%clk 0:39:33]} f6 {[%clk 1:14:02]}
29. f4+ {[%clk 0:29:07]} Kg6 {[%clk 1:13:13]} 30. exf6 {[%clk 0:29:32]} Nd5
{[%clk 1:10:32]} 31. Nc4 {[%clk 0:25:17]} Kxf6 {[%clk 1:10:50]} 32. Kd2
{[%clk 0:22:41]} h5 {[%clk 1:09:20]} 33. g3 {[%clk 0:06:33]} Kg6 {[%clk 1:08:38]}
34. Ne5+ {[%clk 0:06:59]} Kg7 {[%clk 1:09:00]} 35. Rxh5 {[%clk 0:07:26]} Rxh5
{[%clk 1:08:30]} 36. Rxh5 {[%clk 0:07:52]} Rxb2+ {[%clk 1:08:55]} 37. Kd3
{[%clk 0:07:18]} a6 {[%clk 1:01:24]} 38. Rg5+ {[%clk 0:07:16]} Kh7
{[%clk 1:01:48]} 39. Rh5+ {[%clk 0:06:42]} Kg7 {[%clk 1:02:12]} 40. Rg5+
{[%clk 0:07:07]} Kh7 {[%clk 1:02:32]} 41. Rh5+ 1/2-1/2

[Event "MCR muzu 2023"]
[Site "?"]
[Date "2023.05.14"]
[Round "6.3"]
[White "Krejci, Jan"]
[Black "Navara, David"]
[Result "1/2-1/2"]
[BlackElo "2678"]
[WhiteElo "2517"]
[LiveChessVersion "1.4.8"]

1. Nf3 {[%clk 1:30:57]} d5 {[%clk 1:30:53]} 2. d4 {[%clk 1:31:22]} Nf6
{[%clk 1:31:17]} 3. c4 {[%clk 1:31:49]} e6 {[%clk 1:31:40]} 4. Nc3
{[%clk 1:32:14]} Bb4 {[%clk 1:32:03]} 5. Bg5 {[%clk 1:31:19]} h6 {[%clk 1:32:23]}
6. Bxf6 {[%clk 1:30:51]} Qxf6 {[%clk 1:32:40]} 7. e3 {[%clk 1:31:18]} O-O
{[%clk 1:32:56]} 8. Rc1 {[%clk 1:31:26]} dxc4 {[%clk 1:33:12]} 9. Bxc4
{[%clk 1:31:43]} c5 {[%clk 1:33:33]} 10. O-O {[%clk 1:32:00]} cxd4
{[%clk 1:33:51]} 11. Nxd4 {[%clk 1:31:52]} Bd7 {[%clk 1:34:12]} 12. Qb3
{[%clk 1:32:08]} Nc6 {[%clk 1:34:28]} 13. Nxc6 {[%clk 1:32:25]} Bxc3
{[%clk 1:34:49]} 14. Rxc3 {[%clk 1:32:52]} Bxc6 {[%clk 1:35:09]} 15. Bb5
{[%clk 1:33:18]} Bd5 {[%clk 1:35:28]} 16. Bc4 {[%clk 1:33:45]} Bc6
{[%clk 1:35:44]} 17. Bb5 {[%clk 1:34:11]} Bd5 {[%clk 1:36:04]} 18. Bc4
{[%clk 1:34:37]} Bc6 {[%clk 1:36:21]} 19. Bb5 1/2-1/2

[Event "MCR muzu 2023"]
[Site "?"]
[Date "2023.05.14"]
[Round "6.4"]
[White "Petr, Martin"]
[Black "Kraus, Tomas"]
[Result "0-1"]
[BlackElo "2473"]
[WhiteElo "2478"]
[LiveChessVersion "1.4.8"]

1. d4 {[%clk 1:30:58]} d5 {[%clk 1:30:04]} 2. Nf3 {[%clk 1:31:20]} c5
{[%clk 1:29:44]} 3. c4 {[%clk 1:31:06]} e6 {[%clk 1:29:35]} 4. cxd5
{[%clk 1:29:15]} exd5 {[%clk 1:29:41]} 5. g3 {[%clk 1:29:41]} Nc6
{[%clk 1:28:49]} 6. Bg2 {[%clk 1:29:55]} Nf6 {[%clk 1:28:12]} 7. O-O
{[%clk 1:30:12]} Be7 {[%clk 1:26:41]} 8. dxc5 {[%clk 1:29:28]} Bxc5
{[%clk 1:27:05]} 9. a3 {[%clk 1:29:54]} Ne4 {[%clk 1:27:16]} 10. Nfd2
{[%clk 1:29:10]} f5 {[%clk 1:26:20]} 11. Nc3 {[%clk 1:23:02]} Be6
{[%clk 1:25:54]} 12. Nb3 {[%clk 1:20:53]} Bb6 {[%clk 1:25:38]} 13. e3
{[%clk 1:16:16]} O-O {[%clk 1:13:38]} 14. Na4 {[%clk 1:09:08]} Rc8
{[%clk 1:09:57]} 15. Re1 {[%clk 0:48:23]} f4 {[%clk 1:03:04]} 16. f3
{[%clk 0:39:42]} fxg3 {[%clk 0:51:28]} 17. hxg3 {[%clk 0:39:35]} Nxg3
{[%clk 0:48:23]} 18. Nxb6 {[%clk 0:40:00]} Qxb6 {[%clk 0:44:40]} 19. Bd2
{[%clk 0:36:52]} Nf5 {[%clk 0:43:25]} 20. Rc1 {[%clk 0:37:16]} Nh4
{[%clk 0:34:26]} 21. Bc3 {[%clk 0:37:41]} Qd8 {[%clk 0:29:45]} 22. f4
{[%clk 0:35:02]} Nxg2 {[%clk 0:28:40]} 23. Kxg2 {[%clk 0:35:22]} Bf5
{[%clk 0:28:42]} 24. Qh5 {[%clk 0:31:15]} Qd7 {[%clk 0:21:53]} 25. Nd4
{[%clk 0:23:27]} Be4+ {[%clk 0:18:52]} 26. Kf2 {[%clk 0:19:01]} Bg6
{[%clk 0:06:40]} 27. Qg5 {[%clk 0:18:42]} Nd8 {[%clk 0:05:56]} 28. Bb4
{[%clk 0:11:35]} Rxc1 {[%clk 0:03:50]} 29. Rxc1 {[%clk 0:11:54]} Rf6
{[%clk 0:03:49]} 30. Qe5 {[%clk 0:10:19]} Nc6 {[%clk 0:03:02]} 31. Nxc6
{[%clk 0:08:07]} bxc6 {[%clk 0:03:32]} 32. Qe7 {[%clk 0:06:40]} Qc8
{[%clk 0:03:52]} 33. Qxa7 {[%clk 0:05:26]} h6 {[%clk 0:00:47]} 34. Rg1
{[%clk 0:04:51]} Qh3 {[%clk 0:00:41]} 35. Bc3 {[%clk 0:04:20]} Qh4+
{[%clk 0:00:52]} 36. Rg3 {[%clk 0:04:11]} Rf7 {[%clk 0:00:47]} 37. Qb8+
{[%clk 0:02:06]} Kh7 {[%clk 0:01:17]} 38. Be1 {[%clk 0:02:20]} d4
{[%clk 0:00:51]} 39. Qe5 {[%clk 0:01:21]} dxe3+ {[%clk 0:00:48]} 40. Ke2
{[%clk 0:01:22]} Re7 {[%clk 0:00:32]} 41. Rg2 {[%clk 0:29:12]} Bh5+
{[%clk 0:26:41]} 42. Kd3 {[%clk 0:29:37]} Qxe1 {[%clk 0:23:41]} 0-1

[Event "MCR muzu 2023"]
[Site "?"]
[Date "2023.05.14"]
[Round "6.5"]
[White "Stocek, Jiri"]
[Black "Babula, Vlastimil"]
[Result "1-0"]
[BlackElo "2533"]
[WhiteElo "2525"]
[LiveChessVersion "1.4.8"]

1. Nf3 {[%clk 1:26:56]} c5 {[%clk 1:30:33]} 2. c4 {[%clk 1:26:52]} Nc6
{[%clk 1:30:43]} 3. Nc3 {[%clk 1:27:03]} e5 {[%clk 1:30:43]} 4. e3
{[%clk 1:26:49]} Nf6 {[%clk 1:30:48]} 5. d4 {[%clk 1:26:37]} e4 {[%clk 1:30:48]}
6. Ne5 {[%clk 1:24:43]} g6 {[%clk 1:30:37]} 7. Rb1 {[%clk 1:22:36]} Bg7
{[%clk 1:29:12]} 8. Nxc6 {[%clk 1:21:33]} dxc6 {[%clk 1:29:20]} 9. dxc5
{[%clk 1:21:51]} Qxd1+ {[%clk 1:28:39]} 10. Kxd1 {[%clk 1:21:40]} Bf5
{[%clk 1:24:00]} 11. h3 {[%clk 1:20:27]} h5 {[%clk 1:19:34]} 12. Bd2
{[%clk 1:15:43]} Nd7 {[%clk 1:18:11]} 13. Na4 {[%clk 1:15:14]} O-O
{[%clk 1:08:53]} 14. Kc2 {[%clk 1:12:48]} Rfe8 {[%clk 0:58:08]} 15. Be2
{[%clk 1:06:00]} h4 {[%clk 0:58:19]} 16. Rhd1 {[%clk 0:50:52]} Bf8
{[%clk 0:55:13]} 17. b4 {[%clk 0:47:15]} b6 {[%clk 0:54:04]} 18. Bc3
{[%clk 0:43:24]} bxc5 {[%clk 0:50:54]} 19. Nxc5 {[%clk 0:42:47]} Bxc5
{[%clk 0:45:49]} 20. bxc5 {[%clk 0:43:05]} Nxc5 {[%clk 0:46:14]} 21. Bf6
{[%clk 0:29:58]} Nd3 {[%clk 0:45:59]} 22. Bxh4 {[%clk 0:29:59]} Re5
{[%clk 0:44:34]} 23. g4 {[%clk 0:20:42]} Be6 {[%clk 0:43:57]} 24. Bxd3
{[%clk 0:20:54]} exd3+ {[%clk 0:44:17]} 25. Kxd3 {[%clk 0:20:57]} g5
{[%clk 0:37:07]} 26. Bg3 {[%clk 0:19:53]} Rc5 {[%clk 0:35:27]} 27. Bb8
{[%clk 0:14:49]} Rxc4 {[%clk 0:34:55]} 28. Rd2 {[%clk 0:12:59]} a5
{[%clk 0:29:42]} 29. Rbb2 {[%clk 0:11:34]} Kh7 {[%clk 0:25:22]} 30. f4
{[%clk 0:06:53]} gxf4 {[%clk 0:19:45]} 31. exf4 {[%clk 0:07:02]} Ra4
{[%clk 0:18:55]} 32. f5 {[%clk 0:04:03]} Bxa2 {[%clk 0:15:29]} 33. Rxa2
{[%clk 0:03:59]} Rxa2 {[%clk 0:15:52]} 34. Rxa2 {[%clk 0:04:28]} Rxb8
{[%clk 0:16:15]} 35. Rxa5 {[%clk 0:04:54]} Rb3+ {[%clk 0:16:28]} 36. Ke4
{[%clk 0:05:18]} Rxh3 {[%clk 0:16:39]} 37. Ra7 {[%clk 0:04:59]} Rg3
{[%clk 0:09:09]} 38. Kf4 {[%clk 0:05:04]} 1-0

[Event "MCR muzu 2023"]
[Site "?"]
[Date "2023.05.15"]
[Round "7.1"]
[White "Babula, Vlastimil"]
[Black "Plat, Vojtech"]
[Result "1/2-1/2"]
[BlackElo "2535"]
[WhiteElo "2533"]
[LiveChessVersion "1.4.8"]

1. d4 {[%clk 1:30:54]} d5 {[%clk 1:30:48]} 2. c4 {[%clk 1:31:00]} e5
{[%clk 1:31:13]} 3. dxe5 {[%clk 1:31:11]} d4 {[%clk 1:31:38]} 4. Nf3
{[%clk 1:31:15]} Nc6 {[%clk 1:32:06]} 5. a3 {[%clk 1:30:58]} Nge7
{[%clk 1:32:33]} 6. b4 {[%clk 1:30:11]} Ng6 {[%clk 1:33:00]} 7. Bb2
{[%clk 1:29:03]} a5 {[%clk 1:33:28]} 8. b5 {[%clk 1:22:08]} Ncxe5
{[%clk 1:33:55]} 9. Nxe5 {[%clk 1:07:48]} Nxe5 {[%clk 1:34:14]} 10. e3
{[%clk 1:07:37]} Be6 {[%clk 1:34:37]} 11. Bxd4 {[%clk 1:07:26]} Nxc4
{[%clk 1:35:04]} 12. Qc2 {[%clk 1:03:48]} Nd6 {[%clk 1:35:29]} 13. Bd3
{[%clk 1:01:38]} Qg5 {[%clk 1:35:42]} 14. O-O {[%clk 0:52:54]} Nxb5
{[%clk 1:33:28]} 15. Bxb5+ {[%clk 0:49:24]} Qxb5 {[%clk 1:33:48]} 16. Qxc7
{[%clk 0:48:51]} Rc8 {[%clk 1:31:52]} 17. Qg3 {[%clk 0:48:17]} h5
{[%clk 1:28:50]} 18. Nc3 {[%clk 0:46:50]} Qc6 {[%clk 1:27:07]} 19. Qg5
{[%clk 0:38:01]} h4 {[%clk 1:26:22]} 20. Qxa5 {[%clk 0:30:31]} h3
{[%clk 1:25:59]} 21. Qb5 {[%clk 0:30:47]} hxg2 {[%clk 1:17:23]} 22. Rfb1
{[%clk 0:30:35]} Bd7 {[%clk 1:01:18]} 23. Qe5+ {[%clk 0:28:50]} Qe6
{[%clk 0:59:20]} 24. Qxe6+ {[%clk 0:28:28]} fxe6 {[%clk 0:59:15]} 25. Rxb7
{[%clk 0:27:24]} Bc6 {[%clk 0:57:14]} 26. Rb6 {[%clk 0:24:05]} Rh5
{[%clk 0:53:57]} 27. Ne4 {[%clk 0:20:57]} Kd7 {[%clk 0:48:39]} 28. Ng3
{[%clk 0:14:44]} Ra5 {[%clk 0:48:58]} 29. e4 {[%clk 0:14:24]} Bd6
{[%clk 0:46:24]} 30. Rd1 {[%clk 0:12:44]} Ke7 {[%clk 0:44:09]} 31. Rc1
{[%clk 0:08:31]} Kd7 {[%clk 0:43:52]} 32. Rd1 {[%clk 0:08:22]} Ke7
{[%clk 0:44:06]} 33. Rc1 {[%clk 0:03:08]} Kd7 {[%clk 0:44:25]} 34. Rd1
{[%clk 0:02:35]} 1/2-1/2

[Event "MCR muzu 2023"]
[Site "?"]
[Date "2023.05.15"]
[Round "7.2"]
[White "Kraus, Tomas"]
[Black "Stocek, Jiri"]
[Result "1-0"]
[BlackElo "2525"]
[WhiteElo "2473"]
[LiveChessVersion "1.4.8"]

1. e4 {[%clk 1:30:48]} c5 {[%clk 1:29:21]} 2. Nf3 {[%clk 1:31:01]} d6
{[%clk 1:29:38]} 3. Bb5+ {[%clk 1:30:47]} Nc6 {[%clk 1:29:21]} 4. O-O
{[%clk 1:30:57]} Bd7 {[%clk 1:29:23]} 5. Re1 {[%clk 1:31:04]} Nf6
{[%clk 1:29:19]} 6. h3 {[%clk 1:31:07]} e6 {[%clk 1:27:36]} 7. c3
{[%clk 1:30:02]} d5 {[%clk 1:24:43]} 8. exd5 {[%clk 1:09:43]} Nxd5
{[%clk 1:24:45]} 9. d4 {[%clk 1:09:48]} cxd4 {[%clk 1:21:53]} 10. cxd4
{[%clk 1:09:39]} Bb4 {[%clk 1:10:46]} 11. Re4 {[%clk 1:07:04]} Rc8
{[%clk 1:06:05]} 12. a3 {[%clk 1:04:07]} Bd6 {[%clk 0:57:47]} 13. Bd3
{[%clk 0:58:25]} Nce7 {[%clk 0:49:41]} 14. Nbd2 {[%clk 0:56:44]} Nf6
{[%clk 0:47:33]} 15. Re1 {[%clk 0:54:18]} Bc6 {[%clk 0:43:51]} 16. Nc4
{[%clk 0:52:37]} Bb8 {[%clk 0:42:53]} 17. Nce5 {[%clk 0:47:47]} Bd5
{[%clk 0:38:45]} 18. Bg5 {[%clk 0:44:45]} h6 {[%clk 0:37:36]} 19. Bh4
{[%clk 0:38:26]} g5 {[%clk 0:33:28]} 20. Bg3 {[%clk 0:37:43]} Kf8
{[%clk 0:32:18]} 21. h4 {[%clk 0:16:09]} Nf5 {[%clk 0:24:48]} 22. hxg5
{[%clk 0:14:48]} hxg5 {[%clk 0:25:05]} 23. Bxf5 {[%clk 0:13:03]} exf5
{[%clk 0:25:14]} 24. Nxg5 {[%clk 0:13:15]} Ng4 {[%clk 0:11:00]} 25. Qd2
{[%clk 0:10:12]} Bxe5 {[%clk 0:09:19]} 26. Bxe5 {[%clk 0:08:44]} Rh5
{[%clk 0:08:18]} 27. Bf4 {[%clk 0:07:35]} Rc6 {[%clk 0:06:45]} 28. f3
{[%clk 0:06:47]} Nf6 {[%clk 0:06:45]} 29. Rac1 {[%clk 0:06:15]} Kg8
{[%clk 0:06:16]} 30. Rc5 {[%clk 0:04:10]} Nh7 {[%clk 0:04:06]} 31. Nxh7
{[%clk 0:03:43]} Kxh7 {[%clk 0:04:23]} 32. Rxc6 bxc6 {[%clk 0:04:34]} 33. Qf2
{[%clk 0:03:04]} a5 {[%clk 0:04:09]} 34. Qg3 {[%clk 0:03:03]} a4 {[%clk 0:04:11]}
35. Re5 {[%clk 0:02:33]} Qb6 {[%clk 0:03:31]} 36. Qf2 {[%clk 0:02:30]} Qb3
{[%clk 0:03:18]} 37. Re3 {[%clk 0:01:57]} Qd1+ {[%clk 0:02:47]} 38. Re1
{[%clk 0:02:21]} Qd3 {[%clk 0:02:49]} 39. Re8 {[%clk 0:02:11]} Be6
{[%clk 0:02:07]} 40. Qd2 {[%clk 0:00:46]} Qb1+ {[%clk 0:00:54]} 41. Qc1
{[%clk 0:26:37]} Qxc1+ {[%clk 0:28:12]} 42. Bxc1 {[%clk 0:27:00]} Rh4
{[%clk 0:28:28]} 43. Be3 {[%clk 0:24:58]} f4 {[%clk 0:20:16]} 44. Bd2
{[%clk 0:24:30]} Bc4 {[%clk 0:14:59]} 45. Ra8 {[%clk 0:21:11]} Bb5
{[%clk 0:15:08]} 46. Ra5 {[%clk 0:20:12]} Rh5 {[%clk 0:14:40]} 47. Bxf4
{[%clk 0:19:43]} Rd5 {[%clk 0:13:33]} 48. Be3 {[%clk 0:19:22]} Kg6
{[%clk 0:13:26]} 49. Kf2 {[%clk 0:19:23]} Rh5 {[%clk 0:13:39]} 50. Kg1
{[%clk 0:16:46]} Rd5 {[%clk 0:13:13]} 51. Ra7 {[%clk 0:16:54]} Kf6
{[%clk 0:13:02]} 52. g4 {[%clk 0:16:05]} Rd8 {[%clk 0:13:04]} 53. Kf2
{[%clk 0:15:43]} Rg8 {[%clk 0:09:14]} 54. Kg3 {[%clk 0:15:13]} Ke6
{[%clk 0:09:22]} 55. Bd2 {[%clk 0:12:49]} f6 {[%clk 0:08:45]} 56. Kf4
{[%clk 0:11:29]} Rh8 {[%clk 0:08:50]} 57. Bb4 {[%clk 0:11:12]} Rh2
{[%clk 0:07:58]} 58. Re7+ {[%clk 0:09:14]} Kd5 {[%clk 0:08:25]} 59. Re3
{[%clk 0:07:44]} Re2 {[%clk 0:06:39]} 60. Rc3 {[%clk 0:04:58]} Rxb2
{[%clk 0:03:58]} 61. Rc5+ {[%clk 0:03:34]} Kxd4 {[%clk 0:04:08]} 62. Bc3+
{[%clk 0:03:54]} Kxc5 {[%clk 0:04:33]} 63. Bxb2 {[%clk 0:04:22]} Be2
{[%clk 0:02:58]} 64. Bxf6 {[%clk 0:04:38]} Kd5 {[%clk 0:03:01]} 65. Kg3
{[%clk 0:04:02]} c5 {[%clk 0:01:38]} 66. f4 {[%clk 0:04:17]} c4 {[%clk 0:00:38]}
67. f5 {[%clk 0:02:28]} Ke4 {[%clk 0:00:42]} 68. Bc3 {[%clk 0:02:12]} Kd5
{[%clk 0:00:44]} 69. Kf4 {[%clk 0:01:47]} 1-0

[Event "MCR muzu 2023"]
[Site "?"]
[Date "2023.05.15"]
[Round "7.3"]
[White "Navara, David"]
[Black "Petr, Martin"]
[Result "1-0"]
[BlackElo "2478"]
[WhiteElo "2678"]
[LiveChessVersion "1.4.8"]

1. d4 {[%clk 1:30:59]} d5 {[%clk 1:30:24]} 2. c4 {[%clk 1:31:24]} e6
{[%clk 1:30:43]} 3. Nc3 {[%clk 1:31:47]} a6 {[%clk 1:28:29]} 4. cxd5
{[%clk 1:31:49]} exd5 {[%clk 1:28:53]} 5. Bf4 {[%clk 1:26:17]} Nf6
{[%clk 1:27:54]} 6. e3 {[%clk 1:26:19]} Bd6 {[%clk 1:27:59]} 7. Bg5
{[%clk 1:25:46]} c6 {[%clk 1:27:11]} 8. Bd3 {[%clk 1:24:34]} Be6 {[%clk 1:24:21]}
9. f4 {[%clk 1:20:14]} Be7 {[%clk 1:18:42]} 10. f5 {[%clk 0:48:25]} Bc8
{[%clk 1:18:56]} 11. Qf3 {[%clk 0:40:10]} b5 {[%clk 1:09:54]} 12. Nge2
{[%clk 0:39:09]} Bb7 {[%clk 1:08:55]} 13. O-O {[%clk 0:36:48]} O-O
{[%clk 1:08:12]} 14. Nf4 {[%clk 0:22:06]} Nbd7 {[%clk 1:06:02]} 15. Qg3
{[%clk 0:21:05]} Re8 {[%clk 1:02:04]} 16. Kh1 {[%clk 0:17:45]} c5
{[%clk 0:54:29]} 17. dxc5 {[%clk 0:12:10]} Nxc5 {[%clk 0:54:13]} 18. Rad1
{[%clk 0:12:03]} b4 {[%clk 0:49:37]} 19. Bxf6 {[%clk 0:11:41]} Bxf6
{[%clk 0:49:55]} 20. Ncxd5 {[%clk 0:12:05]} Bxd5 {[%clk 0:49:54]} 21. Bb1
{[%clk 0:10:53]} Be5 {[%clk 0:43:37]} 22. e4 {[%clk 0:08:12]} Nxe4
{[%clk 0:28:54]} 23. Bxe4 {[%clk 0:08:34]} Bxe4 {[%clk 0:29:23]} 24. Rxd8
{[%clk 0:08:55]} Raxd8 {[%clk 0:29:51]} 25. h4 {[%clk 0:03:05]} Bxf5
{[%clk 0:25:08]} 26. Re1 {[%clk 0:03:25]} Bxb2 {[%clk 0:23:29]} 27. Rxe8+
{[%clk 0:03:26]} Rxe8 {[%clk 0:23:55]} 28. Nd5 {[%clk 0:03:50]} Be4
{[%clk 0:17:43]} 29. Ne7+ {[%clk 0:02:40]} Kf8 {[%clk 0:16:21]} 30. Qd6
{[%clk 0:02:24]} a5 {[%clk 0:08:27]} 31. Ng6+ {[%clk 0:02:12]} Kg8
{[%clk 0:08:56]} 32. Qd7 {[%clk 0:02:34]} Ra8 {[%clk 0:08:47]} 33. Ne7+
{[%clk 0:02:57]} Kf8 {[%clk 0:06:53]} 34. Qd6 {[%clk 0:02:25]} h5
{[%clk 0:04:39]} 35. Qc5 {[%clk 0:00:35]} Re8 {[%clk 0:03:53]} 36. Nf5+
{[%clk 0:00:49]} Kg8 {[%clk 0:04:06]} 37. Nd6 {[%clk 0:01:14]} 1-0